01836ngm a22001331i 450000100060000010000410000620000180004710100080006521500460007330000960011933014470021570000230166221000170168524994 a20120424u u u0frey50 ba1 aEngano mortal0 ceng d1 DVD (aprox. 95 minutos) : color.; 19 cm aNº de registo 7506/03. - M/ 12 anos. - Legendado em português. - Oferta de Ernesto Gois aElenco: Kate Jackson, Joanna Pacula, Joan Collins, Jack Scalia, Rob Stewart, Lisa Schrage, Tanja Reichert e Sharon Scott. Sinopse: Risa Stanton tem tudo na vida. Ela é a segunda mulher de um bem sucedido homem de negócios, Fin Gallagher, e é ela que trata da filha deste Anita, que ama como uma mãe. Os Gallagher vivem uma existência abastada, que a maior parte das pessoas apenas pode sonhar em ter. Mas o mundo perfeito de Rita vai estilhaçar-se de um momento para o outro quando uma noite, após uma festa, ela regressa a casa e encontra o corpo de Fin, sem vida, no quartodeste. Apesar de cooperar nas investigações de que o detective da polícia, Malloy, é encarregado, Risa vê-se acusada e presa, vindo a ser considerada culpada e condenada à morte. A caminho da prisão, Risa aproveita a oportunidade que lhe proporcionam duas outras prisioneiras ao capturarem a viatura que as transporta, e foge. Esta é a sua única possibilidade para descobrir o verdadeiro culpado e limpar o seu nome. Sob disfarce Risa percorre, então, a cidade em que vivera toda a sua existência, acabando por descobrir que Fin levava uma vida dupla. Algumas interrogações atormentam-na. A vida secreta do marido, a falta de dez milhões de dólares numa das duas contabilidades do escritório e a intrigante atitúde do sócio do marido, Bret, tão desejoso de a ajudar a sair do país, que significado podem ter?...  1aBondbTimothy4370 cTrisand2003